Geography NOW! Episodes in Order - Statistics

General Stats
  • This quiz has been taken 8 times
    7 since last reset
  • The average score is 67 of 184
Answer Stats
Date Published Country Episode % Correct
October 15, 2014 Afghanistan
100%
October 21, 2014 Albania
67%
October 30, 2014 Algeria
67%
November 12, 2014 Andorra
67%
November 26, 2014 Angola
67%
December 17, 2014 Antigua and Barbuda
67%
January 5, 2015 Argentina
67%
January 16, 2015 Armenia
67%
January 24, 2015 Australia
67%
February 6, 2015 Austria
67%
February 26, 2015 Azerbaijan
67%
April 10, 2015 Bahrain
67%
April 1, 2015 Bandiaterra
67%
April 18, 2015 Bangladesh
67%
April 25, 2015 Barbados
67%
March 16, 2015 The Bahamas
67%
May 15, 2015 Belarus
33%
May 20, 2015 Belgium
33%
May 25, 2015 Belize
33%
May 31, 2015 Benin
33%
June 26, 2015 Bhutan
33%
June 30, 2015 Bolivia
33%
July 9, 2015 Bosnia and Herzegovina
33%
July 18, 2015 Botswana
33%
August 15, 2015 Brazil
33%
August 29, 2015 Brunei
33%
September 6, 2015 Bulgaria
33%
September 15, 2015 Burkina Faso
33%
October 1, 2015 Burundi
33%
October 10, 2015 Cambodia
33%
October 21, 2015 Cameroon
33%
November 10, 2015 Canada
33%
December 12, 2015 Cape Verde
33%
December 21, 2015 Central African Republic
33%
January 8, 2016 Chad
33%
January 17, 2016 Chile
33%
February 7, 2016 China
33%
February 27, 2016 Colombia
33%
March 9, 2016 Comoros
33%
May 7, 2016 Costa Rica
33%
May 11, 2016 Croatia
33%
May 18, 2016 Cuba
33%
May 25, 2016 Cyprus
33%
June 1, 2016 Czech Republic
33%
March 29, 2016 Democratic Republic of the Congo
33%
June 15, 2016 Denmark
33%
June 22, 2016 Djibouti
33%
June 29, 2016 Dominica
33%
July 6, 2016 Dominican Republic
33%
August 3, 2016 East Timor
33%
August 10, 2016 Ecuador
33%
August 24, 2016 Egypt
33%
August 31, 2016 El Salvador
33%
September 21, 2016 Equatorial Guinea
33%
September 28, 2016 Eritrea
33%
October 5, 2016 Estonia
33%
June 27, 2018 Eswatini
33%
October 12, 2016 Ethiopia
33%
November 15, 2016 Fiji
33%
November 23, 2016 Finland
33%
December 7, 2016 France
33%
January 18, 2017 Gabon
33%
February 1, 2017 Georgia
33%
February 8, 2017 Germany
33%
March 22, 2017 Ghana
33%
March 29, 2017 Greece
33%
April 5, 2017 Grenada
33%
April 12, 2017 Guatemala
33%
May 10, 2017 Guinea
33%
May 17, 2017 Guinea-Bissau
33%
May 24, 2017 Guyana
33%
May 31, 2017 Haiti
33%
June 28, 2017 Honduras
33%
July 5, 2017 Hungary
33%
July 12, 2017 Iceland
33%
July 19, 2017 India
33%
August 2, 2017 Indonesia
33%
August 9, 2017 Iran
33%
August 16, 2017 Iraq
33%
August 30, 2017 Ireland
33%
September 20, 2017 Israel
33%
September 27, 2017 Italy
33%
October 4, 2017 Ivory Coast
33%
October 11, 2017 Jamaica
33%
October 20, 2017 Japan
33%
November 1, 2017 Jordan
33%
November 15, 2017 Kazakhstan
33%
November 22, 2017 Kenya
33%
November 29, 2017 Kiribati
33%
January 17, 2018 Kuwait
33%
January 24, 2018 Kyrgyzstan
33%
January 31, 2018 Laos
33%
February 7, 2018 Latvia
33%
February 28, 2018 Lebanon
33%
March 7, 2018 Lesotho
33%
March 14, 2018 Liberia
33%
March 21, 2018 Libya
33%
March 28, 2018 Liechtenstein
33%
April 1, 2018 Limberwisk
33%
April 25, 2018 Lithuania
33%
May 2, 2018 Luxembourg
33%
May 23, 2018 Madagascar
33%
May 30, 2018 Malawi
33%
June 6, 2018 Malaysia
33%
July 4, 2018 Maldives
33%
July 11, 2018 Mali
33%
August 15, 2018 Malta
33%
August 22, 2018 Marshall Islands
33%
August 29, 2018 Mauritania
33%
September 5, 2018 Mauritius
33%
September 26, 2018 Mexico
33%
October 10, 2018 Micronesia
33%
October 17, 2018 Moldova
33%
November 7, 2018 Monaco
33%
November 14, 2018 Mongolia
33%
December 5, 2018 Montenegro
33%
December 12, 2018 Morocco
33%
December 19, 2018 Mozambique
33%
January 9, 2019 Myanmar
33%
January 16, 2019 Namibia
33%
January 30, 2019 Nauru
33%
February 6, 2019 Nepal
33%
February 27, 2019 Netherlands
33%
April 3, 2019 New Zealand
33%
April 10, 2019 Nicaragua
33%
April 24, 2019 Niger
33%
May 1, 2019 Nigeria
33%
December 13, 2017 North Korea
33%
November 30, 2016 North Macedonia
33%
May 22, 2019 Norway
33%
June 12, 2019 Oman
33%
June 19, 2019 Pakistan
33%
July 31, 2019 Palau
33%
August 7, 2019 Panama
33%
August 28, 2019 Papua New Guinea
33%
September 4, 2019 Paraguay
33%
April 1, 2019 Patch Amberdash
33%
September 25, 2019 Peru
33%
October 2, 2019 Philippines
33%
October 30, 2019 Poland
33%
November 6, 2019 Portugal
33%
December 4, 2019 Qatar
33%
April 1, 2020 Qitzikwaka
33%
April 14, 2016 Republic of the Congo
33%
December 11, 2019 Romania
33%
January 15, 2020 Russia
33%
January 29, 2020 Rwanda
33%
February 19, 2020 Saint Kitts and Nevis
33%
March 11, 2020 Saint Lucia
33%
March 18, 2020 Saint Vincent and the Grenadines
33%
April 15, 2020 Samoa
33%
May 6, 2020 San Marino
33%
May 18, 2020 Sao Tome and Principe
33%
June 3, 2020 Saudi Arabia
33%
July 1, 2020 Senegal
33%
July 22, 2020 Serbia
33%
August 12, 2020 Seychelles
33%
September 2, 2020 Sierra Leone
33%
September 23, 2020 Singapore
33%
December 30, 2020 Slovakia
33%
January 6, 2020 Slovenia
33%
January 20, 2021 Solomon Islands
33%
February 24, 2021 Somalia
33%
March 17, 2021 South Africa
33%
December 20, 2017 South Korea
33%
August 4, 2021 South Sudan
33%
April 1, 2021 Sovonthak
33%
April 21, 2021 Spain
33%
May 26, 2021 Sri Lanka
33%
June 23, 2021 Sudan
33%
September 1, 2021 Suriname
33%
September 22, 2021 Sweden
33%
October 28, 2021 Switzerland
33%
December 8, 2021 Syria
33%
January 19, 2022 Tajikistan
33%
February 23, 2022 Tanzania
33%
March 27, 2022 Thailand
33%
January 25, 2017 The Gambia
33%
April 29, 2022 Togo
33%
June 9, 2022 Tonga
33%
July 6, 2022 Trinidad and Tobago
33%
August 4, 2022 Tunisia
33%
September 3, 2022 Turkey
33%
April 1, 2022 Volanca
33%
No matching quizzes found
Score Distribution
Percent of People with Each Score
Percentile by Number Answered
Your Score History
You have not taken this quiz since the last reset